000 00348nam a2200157Ia 4500
003 Ost
005 20260225132553.0
008 260225s9999||||xx |||||||||||||| ||und||
040 _cfsic
041 _afre
082 _a440
100 _aG.Gougenheim
_eAuteur
245 0 _aDictionnaire fondamental /
245 0 _cG.Gougenheim
942 _cكتاب
999 _c34282
_d34282